01542cam a22003615i 4500999001700000001000900017005001700026008004100043010001700084020002400101020001800125040002300143042000800166050002800174082002000202245014900222250003100371260004400402300003500446500019900481504004100680650004600721650005100767651001000818653002100828700003800849700003200887700003300919700003000952906004500982942002001027952013301047 c19037d190091834406120180924151804.0141022s2014 nyua b 000 0 eng  a 2014430315 a9780071830133 (pbk) a9789814581387 aDLCbengcDLCerda apcc00aRM263b.P56 2014 Suppl.00a615.58222bPHA00aPharmacotherapy casebook :ba patient-focused approach /ceditors Terry L. Schwinghammer, Julia M. Koehler, Jill S. Borchert and Douglas Slain.  a9th ed., International ed. aNew York :bMcGraw-Hill Medical,c2014. axxiii, 461 p. :bill. ;c28 cm a"A companion workbook for: Pharmacotherapy: A Pathophysiological Approach, 9th ed., DiPiro JT, Talbert RL, Yee GC, Matzke GR, Wells BG, Posey ML, eds. New York, NY: McGraw-Hill Education, 2014." aIncludes bibliographical references. 0aChemotherapyvCase studies.9367042BUEsh 0aPhysiology, PathologicalvCase studies.2BUEsh 2BUEsh bPPhrmcMarch20151 aSchwinghammer, Terry L.,eeditor.1 aKoehler, Julia M.,eeditor.1 aBorchert, Jill S., eeditor.1 aSlain, Douglas, eeditor. a7bcbccorignewd2encipf20gy-gencatlg 2ddck615.58 PHA 00102ddc40708BaccahaMAINbMAINc1STd2015-03-14epurchasel1m6o615.58 PHAp000037570r2025-07-15 00:00:00s2015-04-01yBB